| 000 | 00000nam 2200000za 4500 |
| 001 | 9.534934 |
| 003 | CaOODSP |
| 005 | 20210615083751 |
| 007 | ta |
| 008 | 150406|2001||||xxc||||| f|0| 0 eng d |
| 020 | |a0-660-61605-X |
| 040 | |aCaOODSP|beng |
| 041 | |aeng |
| 041 | |afre |
| 043 | |an-cn--- |
| 086 | 1 |aC21-25/20-2001 |
| 110 | 1 |aCanada. |bIndustry Canada. |
| 245 | 10|aNorth American economic integration : |bissues and research agenda / |cby Richard G. Harris. |
| 260 | |aOttawa - Ontario : |bIndustry Canada |c2001. |
| 300 | |aEnglish text, 47p. : |c28 cm. |
| 490 | 1 |aDiscussion paper|v10 |
| 504 | |aBibliography. |
| 546 | |aBilingual |
| 563 | |aSoftcover |
| 590 | |a02-01|b2002-01-04 |
| 690 | 07|aFree trade|2gcpds |
| 690 | 07|aEconomic policy|2gcpds |
| 690 | 07|aCanadian-American relations|2gcpds |
| 720 | 1 |aHarris, Richard |
| 776 | 0#|tNorth American economic integration |w(CaOODSP)9.571962 |
| 776 | 0#|tL'intégration économique de l'Amérique du nord |w(CaOODSP)9.602382 |
| 792 | |tL'intégration économique de l'Amérique du nord : |efre|w(CaOODSP)9.534935 |
| 830 | #0|aDiscussion paper (Canada. Industry Canada)|v10|w(CaOODSP)9.509054 |